"आठव-ज्ञानदेवांचा,ज्ञानदेवीचा" (Record no. 968824)
[ view plain ]
| 000 -LEADER | |
|---|---|
| fixed length control field | 00345nam a2200121Ia 4500 |
| 008 - FIXED-LENGTH DATA ELEMENTS--GENERAL INFORMATION | |
| fixed length control field | 151001s9999||||xx |||||||||||||| ||und|| |
| 100 ## - MAIN ENTRY--PERSONAL NAME | |
| Personal name | यु म पठाण |
| 245 ## - TITLE STATEMENT | |
| Title | "आठव-ज्ञानदेवांचा,ज्ञानदेवीचा" |
| 260 ## - PUBLICATION, DISTRIBUTION, ETC. (IMPRINT) | |
| Name of publisher, distributor, etc | मधुराज |
| 260 ## - PUBLICATION, DISTRIBUTION, ETC. (IMPRINT) | |
| Date of publication, distribution, etc | 1992 |
| 300 ## - PHYSICAL DESCRIPTION | |
| Extent | 92 |
| 365 ## - TRADE PRICE | |
| Price amount | 21 |
No items available.